| 000 | 00516nam a2200169 i 4500 | ||
|---|---|---|---|
| 001 | 129595 | ||
| 003 | ES-MaACL | ||
| 005 | 20230906193532.0 | ||
| 007 | t| | ||
| 008 | 070626s1972 sp ||||1| spa d | ||
| 100 | 1 |
_aThierry, Hubert. _9109951 |
|
| 245 | 1 | 4 |
_aLas armas atómicas y la politica internacional / _cHubert Thierry ; [traducción de Ricardo Campos]. |
| 260 |
_aBarcelona : _bClío, _c[1972] |
||
| 300 |
_a93 p. ; _c20 cm. |
||
| 700 | 1 |
_aCampos, Ricardo. _934255 |
|
| 852 |
_aES-MaACL _jC-44785 _bR.81488 |
||
| 999 |
_c129595 _d129595 |
||